000 01019nam0a22002771 4500
001 rc\4304047
005 20260407132014.0
021 _aRU
_b[62-52532]
035 _a(NLR Aleph) 008503928
090 _a8126577
_c8126577
100 _a20130416d1962 |||y0rusy50 ca
101 0 _arus
102 _aRU
105 _ay z |||||
200 1 _aПособие по устройству наливных бесшовных полов из полимеров
_fНТО стройиндустрии
210 _aПермь
_cЦБТИ Перм. совнархоза
_d1962
215 _a14 с.
_d22
300 _aАвт. указан в конце текста
606 _aПолы монолитные, наливные
_2psbo
700 1 _aВаулин
_bМ.П.
_gМихаил Павлинович
712 0 2 _aНТО строительной индустрии СССР
_3RU\NLR\AUTH\889989353
_9474210
801 0 _aRU
_bNLR
_gpsbo
801 1 _aRU
_bELAR
_2rusmarc
852 _aNLR
_j62-6/8345
942 _cBOOK
980 _aNB